Odporové zváranie

Guardado en:
Detalles Bibliográficos
Autor principal: Holásek, Ján (Autor)
Formato: Libro
Lenguaje:eslovaco
Publicado: Bratislava : SVTL, 1968
Edición:1. vyd.
Materias:
Etiquetas: Agregar Etiqueta
Sin Etiquetas, Sea el primero en etiquetar este registro!

MARC

LEADER 00000nam a22000003a 4500
001 stu82939
005 20150617225638.6
008 031217s1968----cs------------------slo-d
040 |a STU  |b slo 
041 0 |a slo 
044 |a cs 
080 |a 621.791.76 
100 1 |a Holásek, Ján  |4 aut 
245 1 |a Odporové zváranie 
250 |a 1. vyd. 
260 |a Bratislava :  |b SVTL,  |c 1968 
300 |a 381 s 
650 7 |a odporové zváranie  |2 stusub 
996 |b 284J015664  |c J*10145  |l JJSK  |s A  |a 24  |w stu82939_0001 
996 |b 284J015665  |c J*10146  |l JJSK  |s A  |a 24  |w stu82939_0002 
996 |b 284J015663  |c J*10144  |l JJSK  |s A  |a 24  |w stu82939_0003